Analýza výdavkov na výskum a vývoj v SR bakalárska práca

Saved in:
Bibliographic Details
Main Author: Pinkava, Richard
Corporate Author: Národohospodárska fakulta EU. Katedra hospodárskej politiky
Other Authors: Rumpelová, Daniela, 1982-
Format: Book
Language:Slovak
Published: Bratislava 2011
Tags: Add Tag
No Tags, Be the first to tag this record!

MARC

LEADER 00000nbm a2200000 4500
001 0139613
005 20161109111633.6
041 0 |a slo 
044 |a SK 
245 1 0 |a Analýza výdavkov na výskum a vývoj v SR  |b bakalárska práca  |c Richard Pinkava ; školiteľ: Daniela Rumpelová 
264 1 |a Bratislava  |c 2011 
300 |a 49 s. 
100 1 |a Pinkava, Richard 
700 1 |a Rumpelová, Daniela, 1982- 
710 2 |a Národohospodárska fakulta EU. Katedra hospodárskej politiky